[Event "Stockholm Chess Challenge 2019"]
[Site "Stockholm"]
[Date "2019.04.30"]
[Round "7.8"]
[White "Wernberg, Hugo"]
[Black "Jeferli, MohammedAli"]
[Result "1/2-1/2"]
[WhiteElo "2009"]
[BlackElo "1881"]
[Annotator "NA"]
[PlyCount "44"]
[EventDate "2019.04.26"]
[EventType "swiss"]
[EventCountry "SWE"]
[SourceTitle "playchess.com"]
[Source "ChessBase"]
[SourceQuality "1"]
[TimeControl "40/5400+30:900+30"]

1. e4 {[%emt 0:00:00]} e6 {[%emt 0:00:00]} 2. d4 {[%emt 0:00:00]} d5 {[%emt 0:00:00]} 3. Bd3 {[%emt 0:00:00]} Nf6 {[%emt 0:00:00]} 4. e5 {[%emt 0:00:00]} Nfd7 {[%emt 0:00:00]} 5. c3 {[%emt 0:00:15]} c5 {[%emt 0:00:00]} 6. Ne2 {[%emt 0:00:06]} Qb6 {[%emt 0:00:33]} 7. Nd2 {[%emt 0:00:14]} Nc6 {[%emt 0:00:11]} 8. Nf3 {[%emt 0:00:06]} cxd4 {[%emt 0:00:18]} 9. cxd4 {[%emt 0:00:08]} Bb4+ {[%emt 0:00:14]} 10. Bd2 {[%emt 0:01:15]} f6 {[%emt 0:00:30]} 11. exf6 {[%emt 0:00:09]} Nxf6 {[%emt 0:00:21]} 12. O-O {[%emt 0:03:17]} O-O {[%emt 0:00:53]} 13. Bf4 {[%emt 0:06:48]} Be7 {[%emt 0:21:23]} 14. Rc1 {[%emt 0:07:29]} Bd7 {[%emt 0:03:40]} 15. Ne5 {[%emt 0:02:14]} Rac8 {[%emt 0:03:46]} 16. Bg5 {[%emt 0:09:37]} Nxe5 {[%emt 0:19:20]} 17. dxe5 {[%emt 0:20:33]} Ng4 {[%emt 0:09:47]} 18. Rxc8 {[%emt 0:00:53]} Bxc8 {[%emt 0:00:18]} 19. Bxe7 {[%emt 0:00:45]} Rxf2 {[%emt 0:06:07]} 20. Nd4 {[%emt 0:10:27]} Rxf1+ {[%emt 0:06:47]} 21. Bxf1 {[%emt 0:00:12]} Nxe5 {[%emt 0:04:43]} 22. Kh1 {[%emt 0:05:50]} Qxb2 {[%emt 0:02:01]} 1/2-1/2

[Event "Stockholm Chess Challenge 2019"]
[Site "Stockholm"]
[Date "2019.05.01"]
[Round "8.1"]
[White "Stupak, Kirill"]
[Black "Kvaloy, Aksel Bu"]
[Result "1-0"]
[WhiteElo "2547"]
[BlackElo "2138"]
[Annotator "TA"]
[PlyCount "89"]
[EventDate "2019.04.26"]
[EventType "swiss"]
[EventCountry "SWE"]
[SourceTitle "playchess.com"]
[Source "ChessBase"]
[SourceQuality "1"]

{[%evp 15,89,0,2,-21,0,-7,0,-7,12,16,21,17,13,13,16,16,12,12,11,16,72,66,68,68,66,53,95,87,117,117,117,117,117,114,117,116,125,127,120,129,145,145,143,141,147,141,144,143,414,385,524,378,1128,1113,1129,1095,1545,893,2537,2157,5393,5416,6295,6199,29979,29980,29980,29981,29981,29982,29982,29983,29983,29984,29984,29984]} 1. d4 Nf6 2. g3 e6 3. Bg2 d5 4. Nf3 b5 5. O-O Bb7 6. b3 Nbd7 7. c4 bxc4 ({Predecessor:} 7... dxc4 8. bxc4 {½-½ (61) Bora,S (2176)-Kourkoulos Arditis,S (2297) Al Ain 2013}) 8. bxc4 dxc4 9. Qa4 $146 {A46: 1 d4 Nf6 2 Nf3 e6: Torre, London and Colle Systems} (9. Na3 Bd5 10. Qa4 c6 11. Ne5 Nb6 12. Bxd5 Qxd5 13. Qa6 Be7 14. Qb7 c5 15. Nc6 Qd7 16. Qxd7+ Nfxd7 {0-1 (41) Tukhaev,A (2570)-Rozum,I (2595) Chennai 2018}) 9... Be7 10. Ne5 Bxg2 11. Kxg2 {The position is equal.} O-O {[#] White must now prevent ...Nxe5.} 12. Nc6 Nb6 13. Qa5 Qd5+ 14. Qxd5 Nbxd5 15. Nxe7+ Nxe7 16. Ba3 Rfe8 $1 17. Rc1 Nf5 (17... Ned5 $11 {keeps the balance.}) 18. e3 Nd6 19. Nd2 Nb5 20. Nxc4 Nxa3 21. Nxa3 Rab8 22. Rxc7 Rb2 23. Rc2 ({Don't play} 23. Rxa7 $6 Ng4 $11) 23... Rxc2 24. Nxc2 $16 {[%mdl 4096] Endgame KRN-KRN} Rb8 25. Na3 Rb2 26. Rb1 Rxb1 27. Nxb1 {KN-KN} Kf8 28. Nc3 Ke7 29. Kf3 Kd7 30. Ke2 Kc6 31. h3 Nd5 $2 {[%mdl 8192] [#]} (31... Ne8 $16 32. Kd3 f5) 32. Nxd5 $1 $18 exd5 {KP-KP} 33. Kd3 f5 $2 (33... Kd6 34. Kc3 Kc6) 34. f3 g6 35. e4 Kd6 36. Ke3 Ke6 37. Kf4 Kf6 38. h4 fxe4 39. fxe4 Ke6 40. exd5+ {White mates.} Kxd5 41. Kg5 Kxd4 42. Kh6 Ke5 43. Kxh7 Kf5 44. Kg7 g5 45. h5 {Accuracy: White = 97%, Black = 20%.} 1-0

[Event "Stockholm Chess Challenge 2019"]
[Site "Stockholm"]
[Date "2019.05.01"]
[Round "8.2"]
[White "Kucuksari, Kaan"]
[Black "Maiorov, Nikita"]
[Result "0-1"]
[WhiteElo "2301"]
[BlackElo "2540"]
[Annotator "TA"]
[PlyCount "66"]
[EventDate "2019.04.26"]
[EventType "swiss"]
[EventCountry "SWE"]
[SourceTitle "playchess.com"]
[Source "ChessBase"]
[SourceQuality "1"]

{[%evp 11,66,19,14,19,14,-6,-1,-26,0,0,0,-12,0,0,7,0,0,0,0,0,2,-17,-5,-18,-14,-12,-12,-16,-17,-14,-17,-14,-18,-47,-44,-69,-71,-59,-59,-91,-97,-255,-240,-239,-256,-239,-247,-247,-244,-255,-241,-244,-240,-281,-280,-1102,-1079]} 1. d4 Nf6 2. Nf3 b6 3. g3 Bb7 4. Bg2 g6 5. O-O Bg7 6. c4 O-O 7. Re1 {A50: Queen's Fianchetto Defence (1 d4 Nf6 2 c4 b6)} Na6 $146 ({Predecessor:} 7... e6 8. Bf4 d6 9. Qc2 Nbd7 10. Nc3 Qe7 11. Rad1 h6 12. e4 e5 13. dxe5 dxe5 14. Nd5 Nxd5 15. exd5 {½-½ (53) Tomashevsky,E (2745)-Mamedyarov,S (2756) Jurmala 2015}) 8. Nbd2 d6 9. b3 {The position is equal.} c5 (9... e5 $5) 10. Bb2 cxd4 11. Nxd4 Bxg2 12. Kxg2 Qc8 13. e4 Qb7 14. Qe2 Nc5 15. Rad1 a6 16. N4f3 Rfd8 17. Kg1 b5 18. e5 Nfd7 19. Ne4 Qxe4 20. Qxe4 Nxe4 21. Rxe4 Nc5 22. Red4 Rdc8 23. Rd5 bxc4 24. bxc4 Nb7 25. exd6 {aiming for d7.} Bxb2 26. dxe7 $2 {[#]} (26. Rb1 $17 Nxd6 27. Rxb2) 26... Bf6 $1 $19 27. Ne5 Re8 ({Inferior is} 27... Bxe7 28. Rd7 $11) 28. Rb1 Bxe5 29. Rxe5 {[#]} Nd6 $1 30. c5 Nf5 31. Rb7 Rac8 32. Ra7 Nd4 33. Rd7 $2 (33. Re3) 33... Nf3+ {[%mdl 64] Double Attack. Accuracy: White = 37%, Black = 84%.} 0-1

[Event "Stockholm Chess Challenge 2019"]
[Site "Stockholm"]
[Date "2019.05.01"]
[Round "8.3"]
[White "Sorensen, Hampus"]
[Black "Blomqvist, Erik"]
[Result "1-0"]
[WhiteElo "2319"]
[BlackElo "2496"]
[Annotator "TA"]
[PlyCount "122"]
[EventDate "2019.04.26"]
[EventType "swiss"]
[EventCountry "SWE"]
[SourceTitle "playchess.com"]
[Source "ChessBase"]
[SourceQuality "1"]

{[%evp 12,122,29,27,23,18,12,5,14,6,0,-7,-11,-13,3,-50,-47,-55,-46,-70,-62,-158,-129,-115,-83,-63,-64,-62,68,63,59,25,35,32,29,39,86,40,127,124,253,122,125,123,132,124,110,79,101,56,65,65,77,50,39,39,39,39,38,39,54,45,48,0,0,0,47,47,59,54,146,52,135,62,58,65,97,65,65,46,459,450,548,444,29979,29980,29980,29981,29981,29982,29981,29983,29983,29983,29983,29982,29982,29983,29983,29984,29984,29985,29985,29986,29986,29987,29987,29988,29988,29987,29987,29988,29989]} 1. d4 Nf6 2. c4 e6 3. Nf3 Bb4+ 4. Bd2 a5 5. g3 d5 6. Bg2 O-O 7. Qc2 Be7 {E11: Bogo-Indian} 8. O-O c6 9. b3 b6 {The position is equal.} 10. Bf4 (10. Bc3 Ba6 11. Nbd2 Nbd7 12. e4 Rc8 13. Rfe1 c5 14. exd5 exd5 15. Bb2 Re8 16. Qf5 cxd4 17. cxd5 {0-1 (29) Bosiocic,M (2624)-Yu,Y (2751) Riadh 2017}) 10... Nbd7 11. Nc3 Ba6 12. Qd3 Rc8 13. Rad1 $146 ({White should play} 13. e4 $11) ({Predecessor:} 13. e4 c5 14. exd5 Nxd5 15. Nxd5 exd5 16. Rad1 {½-½ (16) Andrianov,N (2355)-Makarichev,S (2535) Moscow 1981}) 13... Bb4 14. a4 Qe7 15. Rc1 Rfd8 16. Nd2 (16. Rfd1 $15) 16... c5 $17 17. Nb5 dxc4 18. Nxc4 {Threatens to win with Bd6.} cxd4 $1 19. Qxd4 Nc5 (19... e5 $1 $15 20. Nxe5 Bc5) 20. Qb2 $1 $14 ({Reject} 20. Ncd6 Rb8 $15) 20... Nd5 $1 {[%cal Rd5f4]} 21. Be5 (21. Bd6 $5 {[%cal Rd6e7]} Qg5 22. h4 $14) 21... f6 22. Bd4 Rb8 23. Rfd1 Rd7 24. e4 Nc7 (24... Bxb5 $1 $14 25. axb5 Nc7) 25. e5 {[%cal Re5f6]} f5 (25... Nd5 $16) 26. Bc6 (26. Na7 $1 $18) 26... Rdd8 $16 27. Ncd6 h6 28. Bc3 Bxc3 29. Rxc3 Bc8 30. Rc4 Bd7 31. Bf3 N7a6 32. Rcd4 Nb4 33. Qc3 Bc6 34. Bxc6 Nxc6 35. R4d2 Rf8 36. f4 $36 {[%mdl 2048] White is pushing.} g5 37. Qf3 Nb4 38. Kh1 g4 39. Qc3 Kg7 40. Nd4 Kg6 ({Black should try} 40... Kh7 $14) 41. Qc4 (41. h3 $1 $16) 41... h5 (41... Kh7 $14) 42. h4 (42. h3 $16) 42... Rfd8 43. Kh2 Rd7 44. Nc2 Nxc2 $1 45. Qxc2 Rc7 $2 {[%mdl 8192] [#]} (45... Ra8 $14) 46. Nxf5 $1 $18 {[%mdl 576] Clearance} exf5 47. Rd6+ Ne6 {[#]} (47... Qe6 $18 48. Qc4 {[%mdl 64] Pin} Kf7) 48. Rxe6+ $1 {[%mdl 576] Remove Defender, Deflection. White mates.} Qxe6 49. Qxc7 {[%mdl 4096] Endgame KQR-KQR} Rc8 50. Qb7 Rc2+ 51. Kg1 Rc6 52. Rd2 Kh6 53. Kh2 Kg6 54. Rd7 Rc2+ {[#]} 55. Kg1 $1 Rc1+ {[#]} 56. Kf2 $1 Rc2+ 57. Ke1 Rc1+ 58. Kd2 Rd1+ 59. Kxd1 Qxb3+ 60. Kd2 Qb2+ 61. Kd3 {[%cal Rd7d6]} Qb1+ {Accuracy: White = 52%, Black = 50%.} 1-0

[Event "Stockholm Chess Challenge 2019"]
[Site "Stockholm"]
[Date "2019.05.01"]
[Round "8.4"]
[White "Seo, Jung Min"]
[Black "Kenneskog, Theodor"]
[Result "1/2-1/2"]
[WhiteElo "2386"]
[BlackElo "2306"]
[Annotator "NA"]
[PlyCount "94"]
[EventDate "2019.04.26"]
[EventType "swiss"]
[EventCountry "SWE"]
[SourceTitle "playchess.com"]
[Source "ChessBase"]
[SourceQuality "1"]
[TimeControl "40/5400+30:900+30"]

1. d4 {[%emt 0:00:00]} Nf6 {[%emt 0:00:00]} 2. c4 {[%emt 0:00:00]} g6 {[%emt 0:00:00]} 3. Nf3 {[%emt 0:00:00]} Bg7 {[%emt 0:00:00]} 4. g3 {[%emt 0:00:00]} O-O {[%emt 0:00:00]} 5. Bg2 {[%emt 0:00:00]} d5 {[%emt 0:00:00]} 6. O-O {[%emt 0:01:36]} Nc6 {[%emt 0:00:00]} 7. Nbd2 {[%emt 0:01:00]} a5 {[%emt 0:00:57]} 8. b3 {[%emt 0:02:35]} dxc4 {[%emt 0:00:22]} (8... Ne4 $11) 9. Nxc4 {[%emt 0:00:04]} Be6 {[%emt 0:00:05]} 10. Bb2 {[%emt 0:01:01]} Bd5 {[%emt 0:09:53]} 11. Rc1 {[%emt 0:01:18]} a4 {[%emt 0:00:27]} 12. bxa4 {[%emt 0:03:29]} Ra6 {[%emt 0:00:07]} 13. a3 {[%emt 0:03:16]} Qa8 {[%emt 0:00:59]} 14. a5 {[%emt 0:00:56] D77: Fianchetto Grünfeld: 6 0-0: Replies other than 6...c6} (14. Ne3 Be4 15. d5 Rd8 16. Bxf6 Bxf6 17. Nd2 Bxg2 18. Kxg2 Ne5 19. Rxc7 Rxa4 20. Qb3 Rxa3 21. Qxb7 Qxb7 22. Rxb7 {½-½ (43) Huzman,A (2552)-Dvoirys,S (2552) Jerusalem 2017}) 14... Rc8 {[%emt 0:09:50]} 15. Ne3 {[%emt 0:06:36]} Be4 {[%emt 0:06:56]} 16. Ne5 $146 {[%emt 0:13:55]} ({Predecessor:} 16. d5 Nxa5 17. Bh3 Rd8 18. Bxf6 Bxf6 19. Rxc7 b5 20. Nd4 Bxd5 21. Rc8 Rxc8 22. Bxc8 Rb6 23. Ndf5 e6 24. Nh6+ Kg7 25. Nhg4 Bc3 {0-1 (25) Symersky,P (2000)-Travnik,P (2145) Czech Republic 2000}) 16... Bxg2 {[%emt 0:03:56]} 17. Nxg2 {[%emt 0:01:45]} Rxa5 {[%emt 0:02:42]} 18. Nxc6 {[%emt 0:06:47]} bxc6 {[%emt 0:00:14]} 19. Bc3 {[%emt 0:01:48]} Ra4 {[%emt 0:04:01]} 20. Ne1 {[%emt 0:05:49]} Nd5 {[%emt 0:04:41]} 21. Bb2 {[%emt 0:00:48]} Rb8 {[%emt 0:00:37]} 22. Rc2 {[%emt 0:02:40]} c5 {[%emt 0:06:41]} 23. Rxc5 {[%emt 0:04:05]} Rxb2 {[%emt 0:05:12]} 24. Rxd5 {[%emt 0:00:02]} Rxa3 {[%emt 0:00:23]} 25. Rd7 {[%emt 0:03:42]} Ra1 {[%emt 0:03:03]} 26. Rd8+ {[%emt 0:01:03]} Qxd8 {[%emt 0:00:05]} 27. Qxa1 {[%emt 0:00:01]} Rxe2 {[%emt 0:00:36]} 28. Nf3 {[%emt 0:00:06]} Qd5 {[%emt 0:02:23]} 29. Kg2 {[%emt 0:00:22]} g5 {[%emt 0:18:19]} 30. Qa6 {[%emt 0:00:41]} Qe4 {[%emt 0:00:06]} 31. Qc8+ {[%emt 0:00:52]} Bf8 {[%emt 0:00:02]} 32. g4 {[%emt 0:00:58]} e6 {[%emt 0:16:00]} 33. Qxc7 {[%emt 0:09:21]} h5 {[%emt 0:00:18]} 34. Qe5 {[%emt 0:04:53]} Qxg4+ {[%emt 0:00:18]} 35. Qg3 {[%emt 0:00:04]} Qxg3+ {[%emt 0:00:15]} 36. hxg3 {[%emt 0:00:23]} g4 {[%emt 0:00:24]} 37. Ne5 {[%emt 0:02:11]} Bg7 {[%emt 0:00:25]} 38. Nc6 {[%emt 0:00:06]} Rd2 {[%emt 0:07:12]} 39. Rh1 {[%emt 0:00:12]} Bxd4 {[%emt 0:00:12]} 40. Nxd4 Rxd4 {[%emt 0:00:04]} 41. Rxh5 {[%emt 0:15:07]} Kg7 {[%emt 0:16:05]} 42. Rh1 {[%emt 0:00:10]} Rd2 {[%emt 0:00:07]} 43. Re1 {[%emt 0:00:10]} Kg6 {[%emt 0:00:32]} 44. Re4 {[%emt 0:00:17]} Kg5 {[%emt 0:00:05]} 45. Re5+ {[%emt 0:00:14]} Kg6 {[%emt 0:00:42]} 46. Re4 {[%emt 0:00:05]} Kg5 $11 47. Rd4 Rxd4 1/2-1/2

[Event "Stockholm Chess Challenge 2019"]
[Site "Stockholm"]
[Date "2019.05.01"]
[Round "8.5"]
[White "Savitha Shri B"]
[Black "Siddharth, Jagadeesh"]
[Result "0-1"]
[WhiteElo "1895"]
[BlackElo "2132"]
[Annotator "NA"]
[PlyCount "96"]
[EventDate "2019.04.26"]
[EventType "swiss"]
[EventCountry "SWE"]
[SourceTitle "playchess.com"]
[Source "ChessBase"]
[SourceQuality "1"]
[TimeControl "40/5400+30:900+30"]

1. e4 {[%emt 0:00:00]} c5 {[%emt 0:00:00]} 2. Nf3 {[%emt 0:00:09]} Nc6 {[%emt 0:00:00]} 3. Nc3 {[%emt 0:00:01]} e5 {[%emt 0:00:00]} 4. Bc4 {[%emt 0:00:11]} d6 {[%emt 0:00:29]} 5. d3 {[%emt 0:02:15]} Be7 {[%emt 0:00:03]} 6. Nd5 {[%emt 0:07:06]} Nf6 {[%emt 0:02:06]} 7. O-O {[%emt 0:00:34]} Nxd5 {[%emt 0:02:45]} 8. Bxd5 {[%emt 0:00:22]} O-O {[%emt 0:00:42]} 9. c3 {[%emt 0:02:39]} Bg4 {[%emt 0:04:40]} 10. Be3 {[%emt 0:03:53]} Qd7 {[%emt 0:01:31]} 11. h3 {[%emt 0:02:48]} Bh5 {[%emt 0:00:36]} 12. Nxe5 {[%emt 0:01:01]} Nxe5 {[%emt 0:05:34]} 13. Qxh5 {[%emt 0:00:15]} Nxd3 {[%emt 0:00:48]} 14. Rfd1 {[%emt 0:01:55]} Nxb2 {[%emt 0:02:59]} 15. Rdb1 {[%emt 0:01:13]} Na4 {[%emt 0:01:55]} 16. Rxb7 {[%emt 0:02:13]} Qd8 {[%emt 0:02:06]} 17. Qg4 {[%emt 0:06:07]} Nb6 {[%emt 0:03:24]} 18. Rb1 {[%emt 0:01:22]} Rb8 {[%emt 0:08:30]} 19. Rxb8 {[%emt 0:20:14]} Qxb8 {[%emt 0:00:11]} 20. Bb3 {[%emt 0:00:20]} Bf6 {[%emt 0:04:35]} 21. Bg5 {[%emt 0:16:23]} Qd8 {[%emt 0:01:54]} 22. h4 {[%emt 0:01:32]} Qe7 {[%emt 0:05:29]} 23. Rd1 {[%emt 0:02:26]} Re8 {[%emt 0:04:38]} 24. Bxf6 {[%emt 0:10:08]} Qxf6 {[%emt 0:00:16]} 25. Qg3 {[%emt 0:00:12]} c4 {[%emt 0:08:39]} 26. Bc2 {[%emt 0:00:35]} Re6 {[%emt 0:01:19]} 27. f4 {[%emt 0:00:31]} Qe7 {[%emt 0:02:50]} 28. Qg5 {[%emt 0:04:45]} f6 {[%emt 0:03:43]} 29. Qb5 {[%emt 0:02:02]} g6 {[%emt 0:13:59]} 30. a4 {[%emt 0:00:41]} f5 {[%emt 0:09:19]} 31. a5 {[%emt 0:01:22]} Nd7 {[%emt 0:00:14]} 32. e5 {[%emt 0:02:09]} Nf8 {[%emt 0:02:43]} 33. Qxc4 {[%emt 0:02:04]} dxe5 {[%emt 0:00:38]} 34. Bb3 {[%emt 0:00:36]} Kg7 {[%emt 0:01:02]} 35. Qb5 {[%emt 0:05:25]} a6 {[%emt 0:01:41]} 36. Qb4 {[%emt 0:01:02]} Qa7+ {[%emt 0:01:29]} 37. Kh1 {[%emt 0:00:01]} Re8 {[%emt 0:01:24]} 38. Qc4 {[%emt 0:00:49]} exf4 {[%emt 0:01:59]} 39. Qxf4 {[%emt 0:00:22]} Re4 {[%emt 0:00:20]} 40. Qg3 {[%emt 0:01:05]} Qe7 {[%emt 0:01:19]} 41. Rd4 Re3 {[%emt 0:00:57]} 42. Qd6 {[%emt 0:05:51]} Re1+ {[%emt 0:02:24]} 43. Kh2 {[%emt 0:00:08]} Qe3 {[%emt 0:00:34]} 44. Rd3 {[%emt 0:02:10]} Qg1+ {[%emt 0:00:34]} 45. Kh3 {[%emt 0:00:07]} Re4 {[%emt 0:00:19]} 46. Qd5 {[%emt 0:08:24]} Qh1+ {[%emt 0:00:21]} 47. Kg3 {[%emt 0:00:02]} Qxh4+ {[%emt 0:00:09]} 48. Kf3 {[%emt 0:00:03]} Qf4# {[%emt 0:00:07]} 0-1

[Event "Stockholm Chess Challenge 2019"]
[Site "Stockholm"]
[Date "2019.05.01"]
[Round "8.6"]
[White "Trost, Edvin"]
[Black "Jogstad, Martin"]
[Result "0-1"]
[WhiteElo "2075"]
[BlackElo "2267"]
[Annotator "NA"]
[PlyCount "104"]
[EventDate "2019.04.26"]
[EventType "swiss"]
[EventCountry "SWE"]
[SourceTitle "playchess.com"]
[Source "ChessBase"]
[SourceQuality "1"]
[TimeControl "40/5400+30:900+30"]

1. e4 {[%emt 0:00:00]} e6 {[%emt 0:00:08]} 2. d4 {[%emt 0:00:00]} d5 {[%emt 0:00:05]} 3. Nc3 {[%emt 0:00:00]} Bb4 {[%emt 0:00:05]} 4. e5 {[%emt 0:00:00]} b6 {[%emt 0:00:04]} 5. a3 {[%emt 0:01:21]} Bf8 {[%emt 0:00:18]} 6. f4 {[%emt 0:02:48]} Ne7 {[%emt 0:00:17]} 7. Be3 {[%emt 0:04:37] C16: French: 3 Nc3 Bb4 4 e5: Lines without ...c5} h5 {[%emt 0:13:27]} 8. Nf3 {[%emt 0:05:51]} Nf5 {[%emt 0:09:17]} 9. Bf2 {[%emt 0:00:50]} Ba6 {[%emt 0:02:26]} 10. Bxa6 {[%emt 0:04:10]} Nxa6 {[%emt 0:00:03]} 11. Qd3 {[%emt 0:00:37]} Nb8 {[%emt 0:00:27]} 12. Ne2 {[%emt 0:01:16]} (12. O-O-O c5 13. dxc5 bxc5 14. Qb5+ Qd7 15. Nh4 {½-½ (48) Ninov,N (2435)-Sequera Paolini,J (2413) Rochefort 2015}) 12... c5 $146 {[%emt 0:24:27]} ({Predecessor:} 12... Qd7 13. c4 c6 14. Rc1 {1-0 (31) Akhmetov,A (2093)-Ruiz Castillo,J (2096) Kayseri 2010}) 13. c3 {[%emt 0:06:46]} Nc6 {[%emt 0:02:52]} 14. O-O {[%emt 0:04:03]} Rc8 {[%emt 0:04:47]} 15. g3 {[%emt 0:16:56]} Be7 {[%emt 0:04:18]} 16. Kg2 {[%emt 0:07:21]} Qd7 {[%emt 0:00:47]} 17. h3 {[%emt 0:01:17]} Nh6 {[%emt 0:02:01]} 18. Rh1 {[%emt 0:02:23]} c4 {[%emt 0:01:23]} 19. Qc2 {[%emt 0:00:44]} Kd8 {[%emt 0:00:15]} 20. Qd1 {[%emt 0:16:46]} Kc7 {[%emt 0:01:16]} 21. Nh2 {[%emt 0:01:30]} Kb7 {[%emt 0:02:08]} 22. g4 {[%emt 0:00:43]} (22. Nf3 $15) 22... hxg4 {[%emt 0:00:47]} 23. hxg4 {[%emt 0:00:20]} Rcg8 {[%emt 0:02:57]} 24. Be3 {[%emt 0:07:19]} g5 {[%emt 0:02:25]} 25. Kf3 $2 {[%emt 0:00:10]} (25. fxg5 $17 {is a better defense.} Bxg5 26. Bxg5 Rxg5 27. Qd2) 25... f5 {[%emt 0:01:34]} 26. fxg5 {[%emt 0:02:24]} Bxg5 {[%emt 0:02:40]} 27. gxf5 {[%emt 0:01:34]} Nxf5 {[%emt 0:01:31]} 28. Bxg5 {[%emt 0:00:20]} Rxg5 {[%emt 0:04:27]} 29. Kf2 {[%emt 0:08:59]} Rg2+ {[%emt 0:02:50]} 30. Kxg2 {[%emt 0:00:38]} Ne3+ {[%emt 0:00:02]} 31. Kf2 {[%emt 0:00:01]} Nxd1+ {[%emt 0:00:14]} 32. Raxd1 {[%emt 0:00:04]} Qh7 {[%emt 0:01:12]} 33. Nf3 {[%emt 0:00:29]} Qxh1 {[%emt 0:00:48]} 34. Rxh1 {[%emt 0:00:01]} Rxh1 {[%emt 0:00:08]} 35. Nf4 {[%emt 0:00:05]} Nd8 {[%emt 0:01:04]} 36. Ng5 {[%emt 0:00:04]} Rb1 {[%emt 0:00:28]} 37. Nfxe6 {[%emt 0:00:06]} Nxe6 {[%emt 0:00:15]} 38. Nxe6 {[%emt 0:00:07]} Rxb2+ {[%emt 0:00:05]} 39. Ke3 {[%emt 0:00:01]} Rc2 {[%emt 0:00:46]} 40. Kf4 {[%emt 0:00:05]} Rxc3 {[%emt 0:00:30]} 41. Ng5 {[%emt 0:15:43]} Rc1 {[%emt 0:16:10]} (41... Kc6 $142 42. Nf3 Rxa3) 42. Kf5 {[%emt 0:00:08]} Rf1+ {[%emt 0:01:03]} 43. Nf3 {[%emt 0:00:57]} Rxf3+ {[%emt 0:00:13] Double Attack} 44. Kg4 {[%emt 0:00:04]} Re3 {[%emt 0:00:06]} 45. e6 {[%emt 0:00:04]} c3 {[%emt 0:00:09]} 46. e7 {[%emt 0:00:03]} Rxe7 {[%emt 0:00:10]} 47. a4 {[%emt 0:00:04]} c2 {[%emt 0:00:04]} 48. a5 {[%emt 0:00:04]} c1=Q {[%emt 0:00:08]} 49. a6+ {[%emt 0:00:03]} Kxa6 {[%emt 0:00:08]} 50. Kf5 {[%emt 0:00:05]} Re2 {[%emt 0:00:24]} 51. Kg4 Qf1 {[%emt 0:00:19]} 52. Kg3 {[%emt 0:00:28]} Rg2+ {[%emt 0:00:06]} 0-1